Normal view
MARC view
- GALLAPHER, J. ROSWELL
Entry Personal Name
001 - CONTROL NUMBER
- control field: 76383
003 - CONTROL NUMBER IDENTIFIER
- control field: NUST
005 - DATE AND TIME OF LATEST TRANSACTION
- control field: 20210628205633.0
008 - FIXED-LENGTH DATA ELEMENTS
- fixed length control field: 210628|| aca||aabn | a|a d
040 ## - CATALOGING SOURCE
- Original cataloging agency: NUST
- Transcribing agency: NUST
100 ## - HEADING--PERSONAL NAME
- Personal name: GALLAPHER, J. ROSWELL
670 ## - SOURCE DATA FOUND
- Source citation: Work cat.: (NUST): GALLAPHER, J. ROSWELL, YOUR CHILDERNS HEALTH,A HANDBOOK FOR PARENTS AND TECHERS, 1952
